000 00505cam a22002051 4500
001 sa 65007010
003 DLC
005 20260227112146.0
008 890621s1965 ii 000 1 telo
010 _asa 65007010
035 _a(OCoLC)19906233
040 _aDLC
_cWaU
_dDLC
050 0 0 _aPL4780.8
_b.M63
100 1 _aMōhan, K. R. K.,
_d1933-
245 1 0 _aSuma saurabhālu.
260 _c[1965]
300 _aiii, iii, 244 p.
_c18 cm.
500 _aIn Telugu.
650 0 _aShort stories, Telugu.
999 _c64996
_d64996